000 00994nam a2200301 4500
003 EG-GICUC
005 20260121101245.0
008 251119s1975 nyu||||fr|||| 001 0 ara d
040 _a EG-GICUC
_beng
_c EG-GICUC
_d EG-GICUC
_erda
041 0 _aeng
082 0 4 _221
_a341.84
_bj a . c
092 0 4 _221
099 _aLaw1 12 341.84 J A . C 1975
100 0 _aJackson, David C.
_eAuthor.
245 1 4 _aThe ”conflicts” process :
_bjurisdiction and choice in private international law /
_cby David C. Jackson.
264 _aDobbs Ferry, N.Y. :
_bOceana Publications,
_c1975
300 _a408 :pages
_c24 cm
336 _2rda content
_atext
337 _2rda media
_aComputer
338 _2rda carrier
_aOnline Resource
504 _aIncludes bibliographical references and index.
546 _aText in English
650 1 _aConflict of laws.
_2qrmak
651 1 _2qrmak
856 4 0 _uhttps://fll.law.cu.edu.eg/fulltext/bks/B12-00651.pdf
905 _a75
942 _2ddc
_n0
_cBK
_e21
999 _c44593
_d44593